000 00887nam a22002537a 4500
999 _c596
_d596
003 AR-CdUCM
008 190225b ||||| |||| 00| 0 spa d
020 _a9506140855
040 _aMUNICIPALIDAD PROVINCIAL DEL CUSCO
_cBIBLIOTECA MUNICIPAL DEL CUSCO
041 _hfre
082 _a868 /
_bP88
100 _aPrudhomme, Sully
_92324
245 _aPoemas y pensamientos /
_cPrudhomme, Sully ; Fontanilla, José Antonio (traductor)
260 _aArgentina :
_bEd. Orbis Hyspamerica,
_c1983.
300 _a204 páginas ;
_c20 cm.
440 _aPremio Nobel 1901
_n36
_92325
505 _aLas cadenas -- el búcaro roto -- renacimiento -- el mejor momento del amor -- la huella humana ...
650 _aSiglo XX.
_98
650 _aFrancia.
_91444
650 _aPoemas.
_9929
700 _aFontanilla, José Antonio (traductor)
_92326
942 _2ddc
_cLIBROS
945 _aachl
_d2019-02-25